000
00315nam a22001337a 4500
082
_a
823
_b
JAI/B
100
_a
JAIN, KULDDEP
245
_a
BEAUTY AND THE BEAST
246
_a
BEAUTY AND THE BEAST
_b
BEAUTY AND THE BEAST
260
_a
NEW DELHI
_b
PEGASUS
_c
2025
300
_a
16
650
_a
ENGLISH STORY
942
_c
BK
999
_c
9149
_d
9149